Dead by Daylight - All Killers - Statistics

General Stats
  • This quiz has been taken 189 times
  • The average score is 34 of 42
Answer Stats
Chapter Name Answer % Correct
Base Game Evan MacMillan The Trapper
96%
A Nightmare on Elm Street Freddy Krueger The Nightmare
90%
All Things Wicked Unknown The Unknown
90%
Roots of Dread Dredge The Dredge
89%
A Lullaby for the Dark Anna The Huntress
89%
Resident Evil Nemesis T-Type The Nemesis
89%
Saw Amanda Young The Pig
89%
Base Game Philip Ojomo The Wraith
89%
Ghost Face Danny Johnson The Ghost Face
88%
Tokyo Ghoul Ken Kaneki The Ghoul
88%
Halloween Michael Myers The Shape
88%
Stranger Things Demogorgon The Demogorgon
86%
Spark of Madness Herman Carter The Doctor
86%
Base Game Max Thompson Jr. The Hillbilly
86%
The Last Breath Sally Smithson The Nurse
86%
Cursed Legacy Kazan Yamaoka The Oni
86%
A Binding of Kin Charlotte & Victor Deshayes The Twins
86%
Darkness Among Us Frank, Julie, Susie, Joey The Legion
85%
Leatherface Bubba Sawyer The Cannibal
84%
Alien Xenomorph The Xenomorph
84%
Dungeons & Dragons Vecna The Lich
83%
Five Night's at Freddy's William Afton The Animatronic
82%
Shattered Bloodline Rin Yamaoka The Spirit
81%
Of Flesh and Mud Lisa Sherwood The Hag
80%
Sadako Rising Sadako Yamamura The Onryō
80%
All-Kill Ji-Woon Hak The Trickster
80%
Silent Hill Pyramid Head The Executioner
78%
Chucky Charles Lee Ray The Good Guy
78%
Stranger Things Chapter 2 Henry Creel The First
77%
Resident Evil: Project W Albert Wesker The Mastermind
75%
Curtain Call Jeffrey Hawk The Clown
74%
Portrait of a Murder Carmina Mora The Artist
73%
End Transmission HUX-A7-13 The Singularity
73%
Doomed Course Portia Maye The Houndmaster
70%
Forged in Fog Tarhos Kovács The Knight
70%
Hellraiser Elliot Spencer The Cenobite
69%
Sinister Grace Burong Sukapat The Krasue
69%
Demise of the Faithful Adiris The Plague
69%
Tools of Torment Adriana Imai The Skull Merchant
69%
Castlevania Dracula The Dark Lord
68%
Descend Beyond Talbot Grimes The Blight
66%
Chains of Hate Caleb Quinn The Deathslinger
65%
No matching quizzes found
Score Distribution
Percent of People with Each Score
Percentile by Number Answered
Your Score History
You have not taken this quiz